| 000 | 00478cam a2200193ua 4500 | ||
|---|---|---|---|
| 001 | 2605 | ||
| 008 | 110829n ii |||gr||||Z||||||asm | ||
| 040 | _cMAIN | ||
| 082 | _a410 | ||
| 100 | 1 |
_aHazarika, Dandadhar, _eAuthor. |
|
| 245 | 1 | 1 |
_aPrathamik bhasatattva _cby Dandadhar Hazarika |
| 250 | _a1st. | ||
| 260 |
_aJorhat: _bNabin Pustakaloi,974. |
||
| 300 | _a38p:9cm. | ||
| 653 | _aLanguage | ||
| 653 | _aAssamese language | ||
| 653 | _aPrathamik bhasatattva | ||
| 942 | _cBK | ||
| 999 |
_c2458 _d2458 |
||